[Event "Cagliari Alfa Lum op 3rd"]
[Site "Cagliari"]
[Date "2012.09.01"]
[Round "4"]
[White "Saba, Gloria"]
[Black "Porru, Giambattista"]
[Result "0-1"]
[WhiteElo "1527"]
[BlackElo "1637"]
[PlyCount "66"]
[EventDate "2012.08.31"]
[EventType "swiss"]
[EventRounds "6"]
[EventCountry "ITA"]
[SourceTitle "EXT 2014"]
[Source "ChessBase"]
[SourceDate "2013.11.20"]
[SourceVersion "1"]
[SourceVersionDate "2013.11.20"]
[SourceQuality "1"]

1. e4 c5 2. Nf3 e6 3. c4 Nc6 4. Nc3 a6 5. g3 Nd4 6. d3 d6 7. Bg2 Nf6 8. Bg5 Be7 9. 0-0 0-0 10. Re1 Nd7 11. Bxe7 Qxe7 12. Nxd4 cxd4 13. Ne2 e5 14. h3 b5 15. b3 Rb8 16. Rb1 Bb7 17. f4 f5 18. Kh2 fxe4 19. Bxe4 Bxe4 20. dxe4 bxc4 21. bxc4 Rxb1 22. Qxb1 Nc5 23. Nc1 exf4 24. Nd3 fxg3+ 25. Kxg3 Qg5+ 26. Kh2 Nxd3 27. Rg1 Qf4+ 28. Kh1 Qxe4+ 29. Rg2 Nf2+ 30. Kh2 Qxb1 31. Kg3 Qd3+ 32. Kh2 Qxh3+ 33. Kg1 Qh1# 0-1